000 02081 a2200265 4500
001 45900
005 20260407155731.0
008 260407a2008 arg spa d
003 AR-UNSa-BCEJYS
040 _aAR-UNSa-BCEJYS
_bspa
_cAR-UNSa-BCEJYS
080 _a304.4(82)
_xAspectos generales de las políticas y prácticas sociales y culturales en Argentina (política social)
245 1 0 _aLos programas sociales en Argentina hacia el Bicentenario
_pvisiones y perspectivas
020 _a978-987-98057-6-3
264 1 _aBuenos Aires :
_bBanco Mundial
_c2008
300 _a349 p.
_c23 cm.
505 _a1. Argentina: políticas de transferencia de ingresos hacia el Bicentenario / Dena Ringold y Rafael Rofman – 2. Los programas sociales en la opinión pública. Resultados de la Encuesta de Percepción de Planes Sociales en la Argentina / Guillermo Cruces y Helena Rovner – 3. Atender necesidades, crear oportunidades o garantizar derechos. Visiones sobre la política social / Alejandro Bonvecchi y Catalina Smulovitz – 4. Las políticas sociales y la investigación de opinión pública / Manuel Mora y Araujo – 5. La política social argentina en perspectiva/ Ernesto Aldo Isuani – 6. ¿Qué y a quién? Beneficios y beneficiarios de los programas de transferencias condicionadas de ingresos – 7. Argentina modelo XXI: inestabilidad macroeconómica, empobrecimiento sostenido y políticas sociales / Guillermo Rozenwurcel y Claudia Vázquez – 8. ¿Ud. Volvería a lanzar el Plan Jefes? Una visión de los planes sociales y el mercado de trabajo en Argentina / Juan Martín Moreno – 9. Estigma y deslegitimación de las políticas sociales en la Argentina: la evidencia de la Encuesta de Percepción de Planes Sociales / Eduardo Amadeo -
041 _aspa
942 _cBK
590 _aniveau_biblio:m niveau_hierar:0
100 1 _aMoreno, Juan Martín
700 1 _aCruces, Guillermo
700 1 _aRingold, Dena
700 1 _aRofman, Rafael
856 4 1 _uhttps://www.biblioeco.unsa.edu.ar/pmb/images/libros/L127225.jpg
_yImagen de portada
_qimage/jpeg
999 _c4062
_d4062